| 000 | 00488aam a2200205 4500 | ||
|---|---|---|---|
| 005 | 20170908091328.0 | ||
| 008 | 150818b xxu||||| |||| 00| 0 spa d | ||
| 041 | _aEspñol | ||
| 082 | _a972.86 W521c | ||
| 100 |
_aWest, Tracey _944117 |
||
| 245 | _aCosta Rica | ||
| 260 | _aEstados Unidos | ||
| 260 | _bGlobe-Trotters | ||
| 260 | _c1999 | ||
| 300 | _a356 páginas | ||
| 650 |
_aCOSTA RICA _944118 |
||
| 650 |
_aHISTORIA _943 |
||
| 650 |
_aLITERATURA JUVENIOL _944119 |
||
| 942 | _cBK | ||
| 999 |
_c580 _d580 |
||